00266 a2200121 4500001000700000020000600007040001100013100000600024240005100030245004600081362000900127440000800136160711 a  cMagnum a-10aChapeuzinho vermelho/ftd/contos de semprelpor10aChapeuzinho vermelho/ftd/contos de sempre0 a1899 1aFTD